al-Yawm al-akhīr (Record no. 47385)

MARC details
000 -LEADER
fixed length control field 00583cam a22002051 4500
001 - CONTROL NUMBER
control field ne 64002278
003 - CONTROL NUMBER IDENTIFIER
control field DLC
005 - DATE AND TIME OF LATEST TRANSACTION
control field 20260227111804.0
008 - FIXED-LENGTH DATA ELEMENTS--GENERAL INFORMATION
fixed length control field 900910s1963 le 000 1 arar
010 ## - LIBRARY OF CONGRESS CONTROL NUMBER
LC control number ne 64002278
025 ## - OVERSEAS ACQUISITION NUMBER
Overseas acquisition number PL480:UAR-4717
035 ## - SYSTEM CONTROL NUMBER
System control number (OCoLC)22350157
040 ## - CATALOGING SOURCE
Original cataloging agency DLC
Transcribing agency WaU
Modifying agency WaU
-- DLC
042 ## - AUTHENTICATION CODE
Authentication code premarc
050 00 - LIBRARY OF CONGRESS CALL NUMBER
Classification number PJ7852.A5
Item number Y3
100 1# - MAIN ENTRY--PERSONAL NAME
Personal name Nuʻaymah, Mīkhāʼīl,
Dates associated with a name 1889-
245 13 - TITLE STATEMENT
Title al-Yawm al-akhīr
Statement of responsibility, etc. [taʼlīf] Mīkhāʼīl Nuʻaymah.
260 ## - PUBLICATION, DISTRIBUTION, ETC.
Place of publication, distribution, etc. Bayrūt,
Name of publisher, distributor, etc. Dār Ṣādir lil-Ṭibaʻah wa-al-Nashr,
Date of publication, distribution, etc. 1963.
300 ## - PHYSICAL DESCRIPTION
Extent 292 p.
Dimensions 20 cm.

No items available.

Powered by Koha